00383nam a2200133Ia 4500082001200000100001800012245008900030260003500119300000800154650002400162650003100186650001600217710001600233 aTG.0152 aGupta, Sunita 0aInteractive effects of reinforcement and personality on verbal operant conditioning  c1988bBanaras Hindu University a133 aVerbal conditioning aReinforcement (Psychology) aPersonality aShukla, A.P